Hlas čierneho kontinentu Prvý nositeľ Nobelovej ceny za literatúru z tropickej Afriky

Bibliographic Details
Main Author: Nemeček, Miloš (Author)
Format: Article
Language:Slovak
Subjects:

MARC

LEADER 00000nab a2200000 a 4500
001 vtls000262033
003 SK-MaSNL
005 20260302221432.0
008 111130c1986 xo 0 slo
015 |a SNBRB19rr/mm-uuuuu 
035 |a CL0272147 
040 |a SNKBUCL  |b slo  |c SNKBUCL  |e AACR2 
041 0 |a slo 
044 |a xo  |c SK 
080 |a 82:929:820 (669)  |2 1981 
080 |a 929  |2 1981 
080 |a 820 (669)  |2 1981 
100 1 |a Nemeček, Miloš  |4 aut  |9 268184 
245 1 0 |a Hlas čierneho kontinentu  |b Prvý nositeľ Nobelovej ceny za literatúru z tropickej Afriky  |c Miloš Nemeček 
650 0 7 |a Soyinka, Wole  |2 snkbucl  |9 940698 
655 7 |a články z novín a časopisov  |2 snkbucl  |9 267496 
655 7 |a články z odboru literárna veda a krásna literatúra  |2 snkbucl  |9 770045 
773 0 |t Nedeľná Pravda  |g Roč. 19, č. 48 (1986), s. 9 
850 |a Slovenská národná knižnica v Martine  |a MTA001 
852 |a SNK  |b KIS3GCP 
958 |a RK 
958 |a LX 
992 |a RBX 
999 |c 1511721  |d 1513651